Dance Moms - top of the pyramid - Statistics

General Stats
  • This quiz has been taken 1,769 times
  • The average score is 10 of 12
Answer Stats
Number Name % Correct
64 Maddie
99%
11 Nia
95%
5 Brooke
93%
9 Chloe
93%
1 Paige
92%
14 Mackenzie
90%
14 Kendall
88%
16 Kalani
78%
2 Jojo
73%
10 Brynn
63%
2 Asia
49%
2 Sophia
36%
No matching quizzes found
Score Distribution
Percent of People with Each Score
Percentile by Number Answered
Your Score History
You have not taken this quiz